000 00689nam a2200289Ia 4500
005 20260324114356.0
008 008 260324s9999 xx 000 0 eng d
020 _a9781003369516
037 _aEBOOK
040 _aCRL
040 _beng
040 _cCRL
041 _2eng
041 _aeng
084 _qCRL
100 _aPrabir Mukhopadhyay
_91142021
245 0 _aVisual Ergonomics for Communication Design
245 2 _bA Layperson's Approach
260 _bTaylor and Francis
260 _c2022
365 _a
365 _b120
856 _uhttp://www.taylorfrancis.com/books/9781003369516
942 _cEBOOK
999 _c1740674
_d1740674